000
00208 a2200109 4500
020
_a
9780062238863
041
_a
spa
100
_a
Kyle, Chris
245
_a
American sniper
942
_c
BK
999
_c
29999
_d
29997
999
_d
29997